The Scenario of Indian Women:Past,Present and Future/ (Record no. 190697)

MARC details
000 -LEADER
fixed length control field 00627nam a22001937a 4500
005 - DATE AND TIME OF LATEST TRANSACTION
control field 20220803104446.0
010 ## - LCCN (DPL NO)
LC control number ENG-134185
020 ## - INTERNATIONAL STANDARD BOOK NUMBER
International Standard Book Number 9789391373191
Terms of availability 810.00
035 ## - SYSTEM CONTROL NUMBER
System control number EN-117717
037 ## - SOURCE OF ACQUISITION
Source of stock number/acquisition DBAD/PUB
082 ## - DEWEY DECIMAL CLASSIFICATION NUMBER
Classification number 301.412
245 ## - TITLE STATEMENT
Title The Scenario of Indian Women:Past,Present and Future/
Statement of responsibility, etc edited by R.S.Kallurmath;Narayan Arundhekar and Vidya H.N.
260 ## - PUBLICATION, DISTRIBUTION, ETC. (IMPRINT)
Place of publication, distribution, etc Tamil Nadu
Name of publisher, distributor, etc Shanlax Publications
Date of publication, distribution, etc 2021
270 ## - ADDRESS
Address Vasantha Nagar,Madurai,
City Tamil Nadu
Postal code 625003
300 ## - PHYSICAL DESCRIPTION
Extent 173p..
Dimensions 22cm(pbk)
700 ## - ADDED ENTRY--PERSONAL NAME
Personal name Arundhekar,Narayan
700 ## - ADDED ENTRY--PERSONAL NAME
Personal name Vidya H.N.
942 ## - ADDED ENTRY ELEMENTS (KOHA)
Source of classification or shelving scheme Dewey Decimal Classification
Item type English Books
Classification part 301.412
Call number suffix SCE
Holdings
Withdrawn status Lost status Not for loan Collection code Home library Current library Date acquired Source of acquisition Cost, normal purchase price Full call number Barcode Copy number Cost, replacement price Koha item type
      Non-fiction Bawana Bawana 03/08/2022 DBAD/PUB 810.00 301.412 SCE EN-117717 1 810.00 English Books

© Delhi Public Library
Hit Counter
free hit counter